Német-magyar szövetség a csehek ellen. 1272-1278.

Elmentve itt :
Bibliográfiai részletek
Szerző: Rózsa József
További közreműködők: Nincs megadva (Témavezető)
Dokumentumtípus: Disszertáció
Megjelent: 1921
Kulcsszavak:Történelem
Tárgyszavak:
Online Access:http://doktori.ek.szte.hu/9568
LEADER 00615nta a2200181 i 4500
001 dokt9568
005 20200826122853.0
008 200406s1921 hu om 0|| hun d
040 |a SZTE Doktori Repozitórium  |b hun 
041 |a hun 
100 1 |a Rózsa József 
245 1 0 |a Német-magyar szövetség a csehek ellen. 1272-1278.  |h [elektronikus dokumentum] /  |c  Rózsa József 
260 |c 1921 
502 |a Disszertacio 
650 4 |a történelemtudományok 
695 |a Történelem 
700 1 |a Nincs megadva  |e ths 
856 4 0 |u https://doktori.bibl.u-szeged.hu/id/eprint/9568/1/doktori_1921_rozsa_jozsef.pdf  |z Dokumentum-elérés